Globalisasi, patriotisme dan isu-isu kemasyarakatan

Main Author: Mohd Taib Osman, Dato'
Language:Malay
Published: Kuala Lumpur: Penerbit Universiti Malaya, 2004.
Series:Siri suara dari menara
Siri wacana dari menara
Subjects:
LEADER 00868cam a2200229 7i4500
001 0000099078
005 20120809090000.0
008 120809s2004 my may
020 # 0 |a 9789831001790  
020 # 0 |a 9831001796  
090 0 0 |a JZ 1318   |b .M62 2004 
100 0 # |a Mohd Taib Osman,   |c Dato'  
245 1 0 |a Globalisasi, patriotisme dan isu-isu kemasyarakatan   |c Mohd Taib Osman. 
260 # # |a Kuala Lumpur:   |b Penerbit Universiti Malaya,   |c 2004. 
300 # # |a xii, 240 p.;   |c 23 cm.. 
490 0 0 |a Siri suara dari menara 
490 0 0 |a Siri wacana dari menara 
590 # # |a Fakulti Pembangunan Sosial, FPS 
650 0 0 |a Globalization --   |x Social aspects --   |x Miscellanea --   |z Malaysia  
650 0 0 |a Globalization --   |x Economic aspects --   |x Miscellanea --   |z Malaysia  
651 0 0 |a Malaysia --   |x Social conditions  
999 |a 1100085745  |b Book  |c Open Shelf  |e KOLEKSI TERBUKA